000 00476nam a2200193 a 4500
001 1771588832064
003 YourLibrary
005 20260220173228.0
008 260220s1999##################000#0#eng##
020 _a9780691007113
082 0 4 _a320.15
_bKRA
100 1 _aKrasner, Stephen D.,
_eauthor.
245 1 0 _aSovereignty :
260 _c1999.
300 _a264 pages
650 0 _aPolitical Science.
942 _cENGLISH
040 _aYourLibrary
_beng
_cYourLibrary
999 _c614612
_d614612